Hodnotenie kvality slovenských verejných vysokých škôl na základe vybraných ukazovateľov

Gespeichert in:
Bibliographische Detailangaben
1. Verfasser: Zubaľová, Alena, 1959-
Format: Buchkapitel
Sprache:Slowakisch
Schlagworte:
Tags: Tag hinzufügen
Keine Tags, Fügen Sie das erste Tag hinzu!

MARC

LEADER 00000naa$a2200000$$$4500
001 0065545
005 20250929092025.0
041 0 |a slo 
044 |a CZ 
245 1 0 |a Hodnotenie kvality slovenských verejných vysokých škôl na základe vybraných ukazovateľov  |c Alena Zubaľová 
610 2 0 |a školy vysoké 
610 2 0 |a hodnotenie pracoviska 
610 2 0 |a kvalita 
610 2 0 |a ukazovatele kvalitatívne 
610 2 0 |a akreditácia 
100 1 |a Zubaľová, Alena, 1959-